000 01057naa a22002777a 4500
001 BR8203708
003 BR-BrBNA
005 20240918175122.0
007 ta
008 230509b bl.||||| |||| 00| 0 por d
040 _aBR-BrBNA
_bpor
_cBiblioteca Nacional de Agricultura
041 _a(Pt)
072 _aF00; F40
_b1900
_b3575
_bG514
_bGZ12
090 _aF00 BR8203708
100 1 _aAguiar, P.A.A.
111 1 _a2. Simposio Nacional sobre Sementes de Forrageiras
_cNova Odessa, SP (Brazil)
_d22 Apr 1982
245 1 _aProducao de sementes de forrageiras no tropico semi-arido [Brasil]
260 3 _aSao Paulo, SP (Brasil):
_c1982.
500 _aAnais do 2. Simposio Nacional sobre Sementes de Forrageiras Sao Paulo, SP (Brasil): 1982. p. 66-71 (BR8203708-AM)F00
650 _aPLANTA FORRAGEIRA
650 _aSEMENTE
650 _aTROPICO SEMI-ARIDO
773 0 _tAnais do 2. Simposio Nacional sobre Sementes de Forrageiras
_wF00 BR8203708
_gSao Paulo, SP (Brasil), 1982. p. 66-71
909 _a202404
_bLucia
_c55
_dLucia Elande
942 _cAM
_2AGRIS
999 _c315121
_d315121